Statistics for 平成の大合併 北海道版

Click here to take the quiz!

General Stats

  • This quiz has been taken 30 times
  • The average score is 41 of 55

Answer Stats

合併年新市町村名旧市町村% Correct
2006/3/27岩見沢市
92%
2006/3/27むかわ町鵡川
92%
2006/3/27名寄市風連
88%
2006/3/5北見市留辺蘂
88%
2005/9/1せたな町瀬棚
88%
2005/10/11釧路市音別
88%
2006/3/31大空町女満別
88%
2005/4/1森町
84%
2006/3/31新ひだか町静内
84%
2006/3/27洞爺湖町洞爺
84%
2006/3/1日高町日高
84%
2009/10/5湧別町湧別
84%
2006/3/27名寄市名寄
80%
2005/10/11釧路市釧路
80%
2006/3/27岩見沢市岩見沢
80%
2006/3/31大空町東藻琴
80%
2006/3/20枝幸町枝幸
80%
2006/3/5北見市北見
80%
2006/3/1伊達市伊達
80%
2006/2/6幕別町幕別
80%
2004/12/1函館市函館
80%
2005/10/1八雲町八雲
80%
2005/9/1士別市士別
80%
2005/10/1石狩市浜益
80%
2004/12/1函館市椴法華
80%
2005/10/1石狩市石狩
80%
2005/10/1遠軽町遠軽
80%
2005/10/1遠軽町丸瀬布
80%
2006/3/27安平町早来
76%
2006/3/31新ひだか町三石
76%
2006/2/1北斗市上磯
76%
2009/10/5湧別町上湧別
76%
2005/10/1遠軽町白滝
76%
2005/4/1森町砂原
72%
2005/10/1遠軽町生田原
72%
2006/3/27安平町追分
72%
2005/10/1石狩市厚田
72%
2006/3/1日高町門別
72%
2004/12/1函館市恵山
68%
2006/3/1伊達市大滝
68%
2006/2/1北斗市大野
68%
2006/2/6幕別町忠類
64%
2005/10/11釧路市阿寒
64%
2006/3/20枝幸町歌登
64%
2006/3/5北見市常呂
64%
2006/3/27岩見沢市栗沢
60%
2006/3/27洞爺湖町虻田
60%
2004/12/1函館市戸井
60%
2005/10/1八雲町熊石
60%
2005/9/1せたな町北檜山
56%
2005/9/1せたな町大成
56%
2004/12/1函館市南茅部
56%
2005/9/1士別市朝日
52%
2006/3/5北見市端野
52%
2006/3/27むかわ町穂別
48%

Score Distribution

Percentile by Number Answered

Percent of People with Each Score

Your Score History

You have not taken this quiz